000 00504nam a2200181 a 4500
001 000041828
005 20201002035758.0
008 131018s1969 sp 000 0 spa d
040 _aDO-SdBNP
_bspa
_cBNPHU
082 _axxx
_bG527h, 1969
100 1 _aGironella, José María
_968705
245 1 0 _aHa estallado la paz /
_cJosé María Gironella.
250 _a10a ed.
260 _aBarcelona :
_bPlaneta,
_c1969.
300 _a758 p.
_a21 cm.
490 1 _aÓmnibus
_v43
830 0 _aÓmnibus
_n43
_968706
999 _c41317
_d41317